LEADER 00990nam a22002411i 4500 001 991003659849707536 005 20040524113817.0 008 040802s1967 fr |||||||||||||||||fre 035 $ab13107665-39ule_inst 035 $aARCHE-106027$9ExL 040 $aBiblioteca Interfacoltà$bita$cA.t.i. Arché s.c.r.l. Pandora Sicilia s.r.l. 082 04$a841 100 1 $aFumet, Stanislas$0160983 245 13$aLa poésie au rendez-vous :$bBaudelaire, Apulee, Edgar Poe, Louize Labe, Pouchkine, Barbey d'Aurevilly, Ernest Hello, Leon Bloy /$cStanislas Fumet 260 $aParis :$bDesclée de Brouwer,$cc1967 300 $a239 p. ;$c20 cm 650 4$aPoesia francese 907 $a.b13107665$b02-04-14$c05-08-04 912 $a991003659849707536 945 $aLE002 Fondo Giudici L 467$g1$i2002000320629$lle002$nC. 1$o-$pE0.00$q-$rn$so $t0$u0$v0$w0$x0$y.i13742218$z05-08-04 996 $aPoésie au rendez-vous$9307366 997 $aUNISALENTO 998 $ale002$b05-08-04$cm$da $e-$ffre$gfr $h3$i1